| 000 | 00779nam a2200193 a 4500 | ||
|---|---|---|---|
| 003 | 0 | ||
| 005 | 20250619152726.0 | ||
| 008 | 021126s19uu xx 00 eng d | ||
| 050 |
_aPHS RM 666.H33 _b.R36 2000 |
||
| 100 | _aRamiro, Valerie Mae S. | ||
| 245 |
_aPerceptions of most parents of Parañaque on the use of herbal medicine for common ailments / _cValerie Mae S. Ramiro. |
||
| 260 |
_aLas Piñas City, Philippines : _bSouthville International School and Colleges, _c2000. |
||
| 300 |
_a48 pages : _billustrations ; _c28 cm. |
||
| 504 | _aIncludes bibliographical references. | ||
| 650 |
_aHerbal medicine _zPhilippines _xPublic opinion. |
||
| 650 |
_aMedicinal plants _zPhilippines _xUse. |
||
| 650 |
_aPublic health _zPhilippines _xCitizen participation. |
||
| 942 |
_2lcc _cPASS |
||
| 999 |
_c96391 _d96391 |
||